Case news: Wiltshire County Council v Crest Estates, Crest Nicholson Residential and Langtree Property Company (Record no. 75913)

MARC details
000 -LEADER
fixed length control field 01886cab a2200229 4500
001 - CONTROL NUMBER
control field L131040
008 - FIXED-LENGTH DATA ELEMENTS--GENERAL INFORMATION
fixed length control field 050922n2005 000 0 eng u
035 ## - SYSTEM CONTROL NUMBER
System control number (Sirsi) u131040
041 0# - LANGUAGE CODE
Language code of text/sound track or separate title eng
100 1# - MAIN ENTRY--PERSONAL NAME
Personal name Gordon, Warren
245 00 - TITLE STATEMENT
Title Case news: Wiltshire County Council v Crest Estates, Crest Nicholson Residential and Langtree Property Company
260 ## - PUBLICATION, DISTRIBUTION, ETC.
Date of publication, distribution, etc. 2005
490 #0 - SERIES STATEMENT
Series statement Property Week
Volume/sequential designation 70(37) 16 September 2005, 63(1)
520 ## - SUMMARY, ETC.
Summary, etc. This case ([2005] EWCA Civ 1087,{2005] 41 EG 206) concerned with the payment of compensation to homeowners affected by a new road built by C. The road was constructed during a time of development to the west of Chippenham in Wiltshire and was to form part of the Chippenham West bypass. C were to construct the road with ownership eventually transferring to W who are the highway authority. An indemnity was agreed upon, from C in favour of W which covered claims and expenses arising from the works. Subsequently some residents who had bought properties near the road claimed compensation under the Land Compensation Act 1973 for the depreciation in the values of properties because of physical factors. W paid out for these claims and aimed to recover the costs from C via the indemnity. "Held:" The court ruled that the indemnity covered the construction of the road and did not extend to compensation under the 1973 Act and that C's liability ended when the road was adopted by W.
590 ## - LOCAL NOTE (RLIN)
Local note IKA270905
650 24 - SUBJECT ADDED ENTRY--TOPICAL TERM
Topical term or geographic name entry element HIGHWAYS ACT 1980
650 24 - SUBJECT ADDED ENTRY--TOPICAL TERM
Topical term or geographic name entry element TOWN AND COUNTRY PLANNING ACT 1990 S106
650 24 - SUBJECT ADDED ENTRY--TOPICAL TERM
Topical term or geographic name entry element LAND COMPENSATION ACT 1973
690 ## - LOCAL SUBJECT ADDED ENTRY--TOPICAL TERM (OCLC, RLIN)
Topical term or geographic name as entry element ENVIRONMENTAL AND LAND CONSULTANCY-PLANNING AND DEVELOPMENT-COMPULSORY PURCHASE AND COMPENSATION
856 48 - ELECTRONIC LOCATION AND ACCESS
Uniform Resource Identifier <a href="https://www.bailii.org/cgi-bin/markup.cgi?doc=/ew/cases/EWCA/Civ/2005/1087.html&query=langtree&method=all">https://www.bailii.org/cgi-bin/markup.cgi?doc=/ew/cases/EWCA/Civ/2005/1087.html&query=langtree&method=all</a>
Public note View the case free of charge at www.bailii.org...
942 ## - ADDED ENTRY ELEMENTS (KOHA)
Suppress in OPAC 0
Holdings
Withdrawn status Lost status Source of classification or shelving scheme Damaged status Not for loan Home library Current library Shelving location Date acquired Total Checkouts Full call number Barcode Date last seen Copy number Price effective from Koha item type
    Dewey Decimal Classification     London London Journal article 22/09/2005   L131040 131040-1001 06/08/2019 1 06/08/2019 Journal article